LEADER 01768nam 2200541Ia 450 001 9910456344503321 005 20200520144314.0 035 $a(CKB)111086906337534 035 $a(CtWfDGI)bkb00001272 035 $a(SSID)ssj0000284158 035 $a(PQKBManifestationID)11236712 035 $a(PQKBTitleCode)TC0000284158 035 $a(PQKBWorkID)10268785 035 $a(PQKB)11307354 035 $a(MiAaPQ)EBC3051634 035 $a(Au-PeEL)EBL3051634 035 $a(CaPaEBR)ebr10035755 035 $a(OCoLC)77951936 035 $a(EXLCZ)99111086906337534 100 $a20010824d2001 uy 0 101 0 $aeng 135 $aurzn|||||| 181 $ctxt 182 $cc 183 $acr 200 12$aA Short course in international trade documentation$b[electronic resource] $ethe key documents of exporting, importing, transportation and banking /$fEdward G. Hinkelman with Gilbert Mansergh 210 $aNovato, Calif. $cWorld Trade Press$d2001 215 $a185p 225 1 $aShort course in international trade series 300 $aTitle from title screen. 311 $a1-885073-59-3 320 $aIncludes bibliographical references. 410 0$aShort course in international trade series. 606 $aInternational trade 606 $aBanks and banking, International 608 $aElectronic books. 615 0$aInternational trade. 615 0$aBanks and banking, International. 676 $a382/.068 700 $aHinkelman$b Edward G.$f1947-$0864314 701 $aMansergh$b Gilbert$0883174 801 0$bMiAaPQ 801 1$bMiAaPQ 801 2$bMiAaPQ 906 $aBOOK 912 $a9910456344503321 996 $aA Short course in international trade documentation$91972827 997 $aUNINA LEADER 02787nam 2200613Ia 450 001 9910144270903321 005 20170815161107.0 010 $a1-282-68184-2 010 $a9786612681844 010 $a0-470-14142-5 010 $a0-470-14195-6 035 $a(CKB)1000000000376710 035 $a(EBL)455989 035 $a(OCoLC)609844704 035 $a(SSID)ssj0000353759 035 $a(PQKBManifestationID)11277415 035 $a(PQKBTitleCode)TC0000353759 035 $a(PQKBWorkID)10301965 035 $a(PQKB)10046014 035 $a(MiAaPQ)EBC455989 035 $a(EXLCZ)991000000000376710 100 $a19870604d1993 uy 0 101 0 $aeng 135 $aur|n|---||||| 181 $ctxt 182 $cc 183 $acr 200 00$aAdvances in chemical physics$hVolume 84$b[electronic resource] /$fedited by I. Prigogine and Stuart A. Rice 210 $aNew York $cWiley$d1993 215 $a1 online resource (564 p.) 225 1 $aAdvances in chemical physics ;$v84 300 $aDescription based upon print version of record. 311 $a0-471-58726-5 320 $aIncludes bibliographical references and index. 327 $aAdvances in CHEMICAL PHYSICS; CONTENTS; THE COLLISIONAL TIME-CORRELATION FUNCTION APPROACH TO MOLECULAR ENERGY TRANSFER; MOLECULAR THEORY OF LIQUID-PHASE VIBRATIONAL ENERGY RELAXATION; ELECTRON DEGRADATION IN MOLECULAR SUBSTANCES; ADIABATIC AND QUASIDIABATIC STATES IN A GAUGE THEORETICAL FRAMEWORK; ONE-DIMENSIONAL QUANTUM MECHANICAL PROBLEMS WITH COMPLICATED POTENTIALS. THE PROPAGATOR METHOD OF SOLUTION AND SOME CHEMICAL APPLICATIONS; SIMULATION OF NONLINEAR ELECTRONIC SPECTROSCOPY IN THE CONDENSED PHASE; AUTHOR INDEX; SUBJECT INDEX 330 $aThe Advances in Chemical Physics series provides the chemical physics and physical chemistry fields with a forum for critical, authoritative evaluations of advances in every area of the discipline. Filled with cutting-edge research reported in a cohesive manner not found elsewhere in the literature, each volume of the Advances in Chemical Physics series serves as the perfect supplement to any advanced graduate class devoted to the study of chemical physics. 410 0$aAdvances in chemical physics ;$v84. 606 $aChemistry, Physical and theoretical 606 $aChemistry 608 $aElectronic books. 615 0$aChemistry, Physical and theoretical. 615 0$aChemistry. 676 $a541.3 676 $a541.305 676 $a541/.08 701 $aPrigogine$b I$g(Ilya)$0543418 701 $aRice$b Stuart Alan$f1932-$012863 801 0$bMiAaPQ 801 1$bMiAaPQ 801 2$bMiAaPQ 906 $aBOOK 912 $a9910144270903321 996 $aAdvances in chemical physics$9985627 997 $aUNINA